000 00482nam a2200181Ia 4500
008 230714s9999 xx 000 0 und d
020 _a9790000000000
041 _aeng
082 _a621.815
_bKAN
100 _aKannaiah P.
_9201067
245 _aMachine Design
_bIn SI Units
250 _a2nd ed.
260 _c2017
_bScitech Publication
300 _a915
365 _cRs.
_b576.00
700 _aKannaiah P.
_9201067
906 _dO:0609506-Sep-2018B:463220-Aug-2018
_cTM
_b1440
999 _c223948
_d223948